000 02219cam a2200565 a 4500
003 PE-LiUPU
005 20250731172839.0
008 100301s2011 gauab b 001 0 eng
020 _a1589832655
020 _a9781589832657
035 _a(Sirsi) i9781589832657
040 _aPE-LiUPU
_bspa
_cPE-LiUPU
_erda
041 1 _aeng
_bger.
049 _aPRUA
082 0 0 _a221.95
_bG37
_222
100 1 _aGerstenberger, Erhard S.
245 1 0 _aIsrael in the Persian period :
_bthe fifth and fourth centuries B.C.E. /
_cby Erhard S. Gerstenberger ; translated by Siegfried S. Schatzmann.
300 _axv, 575 páginas:
_bilustraciones ;
_c23 centímetros.
336 _atext
_2rdacontent
337 _aunmediated
_2rdamedia
338 _avolume
_2rdacarrier
490 1 _aBiblical encyclopedia : an English translation of Biblische Enzyklopädie ;
_vvolume 8
500 _aTranslation of: Israel in der Perserzeit.
504 _aÍndice : páginas 537-575.
505 0 _aThe biblical portrait of the period -- Sources -- Biblical literature of the period -- Theological contribution.
526 _aSEG42
526 _aSEG41
526 _aSEG40
526 _aSEG39
526 _aP94
526 _aP87
526 _aP86
526 _aP85
526 _aP77
526 _aP76
526 _aP35
534 _pTítulo original :
_tIsrael in der Perserzeit.
630 0 0 _aBiblia.
_xAntiguo Testamento
_vHistoria de acontencimientos contemporáneos.
650 0 _aJudaismo
_xHistoria
_yPeriodo posterior al exilio, 586 A.C.-210 D.C.
650 0 _aJudios
_xHistoria
_y586 A.C.-70 D.C.
700 1 _aSchatzmann, Siegfried S.
910 _ajck
_bebj
_cebj
_d20160519
942 _2ddc
_cBOOK
949 _a221.95 G37
_wDEWEY
_c1
_i72863
_lCCODEBUL1
_mBUL
_p49.00
_r0
_sY
_tBOOK
_u2016-4-13
_xTEOLOGIA
_PP35
_0COMPRA
_o.STAFF. Colección General
994 _aC0
_bPEPRU
596 _a1
999 _a221.95 G37
_wDEWEY
_c9406
_i72863
_d9406
_f2021-11-9
_g5
_lCCODEBUL1
_mBUL
_p49.00
_q1
_r0
_sY
_tBOOK
_u2016-4-13
_xTEOLOGIA
_PP35
_0COMPRA
_o.STAFF. Colección General
264 _aAtlanta, GA :
_bSociety of Biblical Literature,
_c©2011.
980 _81
_gALBERTO SANCHEZ Responsable de Automatización